000 00504nam a2200181Ia 4500
008 240925s9999 xx 000 0 und d
020 _a8170299322
082 _a004.6 CRU
100 _aCrumlish, Chirstian
245 4 _aThe Internet: no experiance required
250 _aNA
260 _aNew Delhi:
_bBPB Publication
_c,1998.
300 _aviii,152p.
_bNa
_fPirated
500 _aIncludes Index
600 _aComputer Science
650 _aComputer science, information & general works
942 _cBK
999 _c3902
_d3902